A passion for difference : essays in anthropology and gender

Αποθηκεύτηκε σε:
Λεπτομέρειες βιβλιογραφικής εγγραφής
Κύριος συγγραφέας: Moore, Henrietta L.
Μορφή: Βιβλίο
Γλώσσα:English
Δημοσίευση: Bloomington : Indiana University Press, 1994
Θέματα:
Ετικέτες: Προσθήκη ετικέτας
Δεν υπάρχουν, Καταχωρήστε ετικέτα πρώτοι!

MARC

LEADER 00000nam a2200000 i 4500
001 1/102131
008 950526s1994 a eng d
020 |a 0-7456-1308-X 
035 |l 10012379 
040 |a GR-MY-UA  |b gre  |e aacr 
041 0 |a eng 
082 0 |a 305.42 
100 1 |a Moore, Henrietta L. 
245 1 2 |a A passion for difference :  |b essays in anthropology and gender /  |c Henrietta L. Moore 
260 |a Bloomington :   |b Indiana University Press,   |c 1994 
300 |a ix, 177 p.;  |c 24 cm 
504 |a Includes bibliography. Includes index 
650 0 0 |a Feminist anthropology. 
650 0 0 |a Sex role. 
650 0 0 |a Sex differences. 
852 |a INST  |b LESVOS  |e 19950526  |h 305.42 MOO  |p 005100007417  |q 005100007417  |t BK  |y 0 
852 |a INST  |b LESVOS  |e 20231018  |h 305.42 MOO  |p 005100065786  |q 005100065786  |t BK  |y 0 
909 |a Λ  |b 041221